The great agrarian conquest : (Record no. 170210)

MARC details
000 -LEADER
fixed length control field 00738nam a22002057a 4500
005 - DATE AND TIME OF LATEST TRANSACTION
control field 20191212112424.0
010 ## - LCCN (DPL NO)
LC control number B-731134
020 ## - INTERNATIONAL STANDARD BOOK NUMBER
Terms of availability 750.00
International Standard Book Number 9788178245447
035 ## - SYSTEM CONTROL NUMBER
System control number B-731134
037 ## - SOURCE OF ACQUISITION
Source of stock number/acquisition DBAD/PUB
082 ## - DEWEY DECIMAL CLASSIFICATION NUMBER
Classification number 954.08
100 ## - MAIN ENTRY--PERSONAL NAME
Personal name Bhattacharya, Neeladri
245 ## - TITLE STATEMENT
Title The great agrarian conquest :
Remainder of title the colonial reshaping of a rural world/
Statement of responsibility, etc by Neeladri Bhattacharya
260 ## - PUBLICATION, DISTRIBUTION, ETC. (IMPRINT)
Place of publication, distribution, etc Ranikhet
Name of publisher, distributor, etc Permanent Black
Date of publication, distribution, etc 2018
270 ## - ADDRESS
Address 'Himalayana', Mall Road,667,Ranikhet Cantt,
City Ranikhet
Postal code 263645
300 ## - PHYSICAL DESCRIPTION
Extent xv,522p. ;
Dimensions 22cm (pbk)
500 ## - GENERAL NOTE
General note includes bibliographical references and index
942 ## - ADDED ENTRY ELEMENTS (KOHA)
Source of classification or shelving scheme Dewey Decimal Classification
Item type English Books
Call number suffix BHA
Classification part 954.08
Holdings
Withdrawn status Lost status Not for loan Collection code Home library Current library Date acquired Source of acquisition Cost, normal purchase price Full call number Barcode Copy number Cost, replacement price Koha item type
      Non-fiction Kadipur Kadipur 12/12/2019 Gift/ Eng./13.11.2019 750.00 954.08 BHA B-731134 1 750.00 English Books

© Delhi Public Library
Hit Counter
free hit counter